| 000 | 01280nam a22002777a 4500 | ||
|---|---|---|---|
| 005 | 20240530110409.0 | ||
| 008 | 150210s2009 ua ob a 001 0 ara d | ||
| 017 |
_a2009/9015 _bمصر . دار الكتب المصرية |
||
| 020 | _a9771413716 | ||
| 040 | _aEG-CaGPL | ||
| 041 | 1 |
_aara _heng |
|
| 082 | 0 | 4 |
_221 _a903 _bط/ن ن |
| 100 | 0 | _aديكر ، زيلاه | |
| 245 | 1 | 0 |
_aتاريخ روما القديمة : _bعلم الاثار يزيح الستار عن اسرار ماضى روما / _cتاليف زيلاه ديكر ؛ استشارى روبرت ليندلى فان ؛ ترجمة ابراهيم محمد ابراهيم ؛ اشراف عام داليا محمد ابراهيم |
| 250 | _aط1 | ||
| 260 |
_aالقاهرة : _bنهضة مصر للطباعة و النشر و التوزيع ، _c2009 |
||
| 300 |
_a64 ص : _bايض ؛ _c24 |
||
| 490 | _aناشيونال جيوجرافيك يبحث فى | ||
| 650 | 0 | 4 |
_aروما _xتاريخ |
| 650 | 0 | 4 |
_aروما القديمة _xتاريخ |
| 700 | 1 |
_aفان ، روبرت ليندلى _eاستشارى |
|
| 700 | 0 |
_aابراهيم محمد ابراهيم _eاستشارى |
|
| 700 | 0 |
_aداليا محمد ابراهيم _eمشرف |
|
| 942 |
_2ddc _cBK |
||
| 999 |
_c60429 _d60429 |
||